000 00717nam a2200241Ia 4500
008 160303s9999 xx 000 0 und d
020 _a978-971-821-205-9
050 _aFIL PL 5665.25
050 _b.I58 2010
245 _aIntegratibo at interaktibong komunikasyon sa Filipino /
245 _cStanley G. Rovira… [et al]
260 _aValenzuela City:
260 _bMutya Pub. House,
260 _c2010
300 _a120 pages :
300 _billustrations ;
300 _c26 cm.
500 _aIncludes bibliographical references.
650 _aFilipino language --
650 _aFilipino language --
650 _xProblems, exercises, etc.
650 _xRhetoric -- Study and teaching (Higher).
999 _c291253
_d291253